| 000 | 00529nam a22002057a 4500 | ||
|---|---|---|---|
| 003 | OSt | ||
| 005 | 20140310182911.0 | ||
| 008 | 130128t xxu||||| |||| 00| 0 eng d | ||
| 020 | _a9789712627095 | ||
| 050 |
_aHQ76.96 _b.R389 2011 |
||
| 082 |
_aF895 _b.R389 2011 |
||
| 245 |
_aBright, Catholic-- and gay _cRemoto, Danton |
||
| 260 |
_aManila : _bAnvil Pub., _c c2011. |
||
| 300 |
_a104 p. ; _c 18 cm. |
||
| 521 | _acollege students | ||
| 526 | _c1210L-1700L | ||
| 541 | _j1 | ||
| 562 | _e1 | ||
| 942 |
_2lcc _cBK _kFIL |
||
| 999 |
_c17220 _d17220 |
||